Nga phụ khang : Xua đi nỗi lo u nang buồng trứng, u xơ tử cung, ung thư thư cổ tử cung /

Đã lưu trong:
Sonraí Bibleagrafaíochta
Príomhúdar: Thuỳ Dung, DS.
Formáid: Bài viết
Teanga:Vietnamese
Ábhair:
Clibeanna: Cuir Clib Leis
Gan Chlibeanna, Bí ar an gcéad duine leis an taifead seo a chlibeáil!
Thư viện lưu trữ: Thư viện Trường Đại học Đà Lạt
LEADER 00848nam a2200289 4500
001 DLU110118280
005 ##20110302
040 # # |a DLU  |b vie 
041 # # |a vie 
044 # # |a vn 
100 # # |a Thuỳ Dung,   |c DS. 
245 # # |a Nga phụ khang :  |b Xua đi nỗi lo u nang buồng trứng, u xơ tử cung, ung thư thư cổ tử cung /  |c Thuỳ Dung. 
653 # # |a Điều trị 
653 # # |a Bài thuốc đông y 
653 # # |a Bệnh lí 
653 # # |a Bệnh phụ khoa 
653 # # |a Ung thư 
773 # # |t Gia đình và trẻ em  |g Số 42, 2008, tr. 29 
920 # # |a Phòng Tạp chí -- Trung tâm Thông tin - Thư viện Trường Đại học Đà Lạt 
994 # # |a DLU 
900 # # |a True 
911 # # |a Nguyễn Thị Linh Chi 
925 # # |a G 
926 # # |a A 
927 # # |a BB 
980 # # |a Thư viện Trường Đại học Đà Lạt